| 000 | 01080 am a2200337Ki 4500 | ||
|---|---|---|---|
| 650 | 0 |
_aHuman rights _zTurkey _919348 |
|
| 999 |
_c200429327 _d47251 |
||
| 003 | TR-AnTOB | ||
| 005 | 20231208001035.0 | ||
| 007 | ta | ||
| 008 | 180205s2017 tu 001 0 tur u | ||
| 020 | _a9789750243776 | ||
| 040 |
_aB9K _beng _erda _cTR-AnTOB |
||
| 041 | 0 | _atur | |
| 043 | _aa-tu--- | ||
| 050 | 0 | 0 |
_aKKX2564 _b.T87 2017 |
| 090 | 0 | 0 |
_aKKX2564 _b.T87 2017 |
| 100 |
_aTurabi, Selami _4author _9116698 |
||
| 245 | 1 | 0 |
_aOlağanüstü hal hukuku ve bireysel başvuru : _b(OHAL Komisyonu'na ve Anayasa Mahkemesi'ne) / _cSelami Turabi. |
| 264 |
_aAnkara : _bSeçkin, _c2017. |
||
| 300 |
_a256 pages ; _c20 cm |
||
| 336 |
_atext _2rdacontent |
||
| 337 |
_aunmediated _2rdamedia |
||
| 338 |
_avolume _2rdacarrier |
||
| 490 | 0 |
_aSeçkin. _aHukuk ; _v1800 |
|
| 504 | _aIncludes bibliographical references (pages 247-253) and index. | ||
| 650 | 0 |
_aConstitutional law _zTurkey _xTurkey _974257 |
|
| 650 | 0 |
_aİnsan hakları _zTürkiye _919346 |
|
| 650 | 0 |
_aAnayasa hukuku _zTürkiye _9116005 |
|
| 942 |
_2lcc _cBK |
||